000 00621nam a22002417a 4500
003 UA-OsUOA
001 86454
007 ta
008 20120904b un ||||| |||| 00| 0 ukr d
100 _aКобелев Е. В.
090 _a94(597.3)
_bК55
942 _cBK
040 _aUA-OsUOA
_brus
_cUA-OsUOA
_dUA-OsUOA
245 _aХо Ши Мин
300 _a351 с.
955 _a2
041 _arus
080 _a94(597.3)
260 _aМ.
_bМолодая гвардия
_c1983
250 _n2-е, доп. изд.
650 7 _a9 Географія. Біографії. Історія
_2UDC
999 _c372765
_d372765